000 00472nam a2200157 a 4500
001 000032749
005 20240305102114.0
008 110726s1975 dr a r 000 | spa d
040 _aDO-SdBNP
_bspa
_cBNPHU
082 _axxxx
_bL789m
100 1 _aLizardo, Fradique,
_d1930-1997
_962027
245 1 0 _aMetodología de la danza /
_cFradique Lizardo Barinas.
260 _aSanto Domingo :
_bTaller,
_c1975.
300 _a91 p. :
_bil. ;
_c21 cm.
590 _aInventariado, 2019/BT
999 _c32240
_d32240